000 00544nam a2200229Ia 4500
003 OSt
005 20220924142509.0
006 a|||||r|||| 00| 0
007 ta
008 ASM
024 _a302219
037 _cTextual
040 _aARTS
_cARTS
_bASM
041 _2ASM
_aASM
082 _aO158,3NPADx, N1
100 _aPadmapani
_9213504
245 0 _aSegun puli ruba kone
260 _c1991
650 _aASSAMESE LITERATURE
_911738
942 _hO158,3NPADx, N1
_cTEXL
_2CC
999 _c450953
_d450953